000 00605nam a2200229Ia 4500
003 OSt
005 20220928135331.0
006 a|||||r|||| 00| 0
007 ta
008 220927b |||||||| |||| 00| 0 eng d
024 _a1202
037 _cTextual
040 _aSDCL
_cSDCL
_beng
041 _2eng
_aeng
082 _aO-jN21, M6
100 _aBoyle Nicholas Ed.
_9489794
245 0 _aRealism in European literature
260 _c1986
700 _a Swales Martin Ed.
_9489795
942 _hO-jN21, M6
_cTEXL
_2CC
999 _c805100
_d805100